Most Populated Counties In Florida - Statistics

General Stats
  • This quiz has been taken 28 times
  • The average score is 9 of 12
Answer Stats
# County Population % Correct
1 Miami-Dade 2,715,516
96%
5 Orange 1,321,194
88%
2 Broward 1,909,151
83%
4 Hillsborough 1,378,883
83%
3 Palm Beach 1,446,277
83%
6 Pinellas 957,875
83%
9 Polk 668,671
75%
10 Brevard 576,808
71%
7 Duval 924,229
71%
8 Lee 718,679
71%
11 Volusia 527,634
58%
12 Pasco 510,593
54%
No matching quizzes found
Score Distribution
Percent of People with Each Score
Percentile by Number Answered
Your Score History
You have not taken this quiz